[Event "Rio de Janeiro Duchamp op 2nd"]
[Site "Rio de Janeiro"]
[Date "2018.11.16"]
[Round "3"]
[White "Lebredo Zaragoitia, Gerardo"]
[Black "Chaves, Jorge Antonio Torre"]
[Result "1-0"]
[WhiteElo "2139"]
[BlackElo "1922"]
[PlyCount "63"]
[EventDate "2018.11.14"]
[EventType "swiss"]
[EventRounds "9"]
[EventCountry "BRA"]
[SourceTitle "CBM 187 Extra"]
[Source "ChessBase"]
[SourceDate "2018.11.04"]
[SourceVersion "1"]
[SourceVersionDate "2018.11.04"]
[SourceQuality "1"]

1. d4 d5 2. c4 c6 3. Nc3 e6 4. e3 Nf6 5. Bd3 Nbd7 6. Nge2 Bd6 7. 0-0 dxc4 8. Bxc4 b5 9. Bd3 b4 10. Na4 0-0 11. e4 e5 12. f4 exd4 13. e5 Nxe5 14. fxe5 Bxe5 15. Bf4 Re8 16. Ng3 Bg4 17. Qd2 Qa5 18. Bc2 d3 19. Bxe5 dxc2 20. Bxf6 gxf6 21. Qxc2 Qg5 22. Nc5 f5 23. Qc1 Re3 24. Nxf5 Bxf5 25. Rxf5 Qe7 26. Nd7 Rd8 27. Nf6+ Kg7 28. Ng4 Re6 29. h3 h6 30. Qf4 c5 31. Rf1 Rd7 32. Ne5 1-0

[Event "Rio de Janeiro Duchamp op 2nd"]
[Site "Rio de Janeiro"]
[Date "2018.11.14"]
[Round "1"]
[White "Lebredo Zaragoitia, Gerardo"]
[Black "Zaruski, Julio"]
[Result "1-0"]
[WhiteElo "2139"]
[BlackElo "1835"]
[PlyCount "125"]
[EventDate "2018.11.14"]
[EventType "swiss"]
[EventRounds "9"]
[EventCountry "BRA"]
[SourceTitle "CBM 187 Extra"]
[Source "ChessBase"]
[SourceDate "2018.11.04"]
[SourceVersion "1"]
[SourceVersionDate "2018.11.04"]
[SourceQuality "1"]

1. d4 e6 2. c4 d5 3. Nc3 Nf6 4. Bg5 Be7 5. e3 h6 6. Bh4 Nbd7 7. Nf3 c6 8. Rc1 Nh5 9. Bxe7 Qxe7 10. Bd3 Nhf6 11. 0-0 0-0 12. a3 dxc4 13. Bxc4 e5 14. Ba2 e4 15. Nh4 Rd8 16. Nf5 Qf8 17. Ng3 Qe7 18. Qc2 Re8 19. Bb1 Nf8 20. Ncxe4 Nd5 21. Nc3 Bg4 22. Ba2 Rad8 23. Nxd5 cxd5 24. Qc5 Qg5 25. Qxa7 h5 26. f4 Qe7 27. Rfe1 h4 28. Nh1 Rd6 29. Nf2 Bf5 30. Qa5 Be4 31. Nxe4 Qxe4 32. Bb1 Qe7 33. Qd2 h3 34. g3 Nd7 35. e4 Re6 36. e5 Nf8 37. Ba2 Rd8 38. Rc5 Rg6 39. Rxd5 Qh4 40. Qf2 Rc8 41. Bb1 Qh5 42. Bxg6 Qxg6 43. Rc5 Rd8 44. d5 Qd3 45. Qe3 Qf5 46. Qe4 Qg4 47. Qe2 Qf5 48. Rd1 Ng6 49. Rc4 Ne7 50. d6 Nc6 51. Re4 Qe6 52. Rf1 Qb3 53. f5 Qd5 54. Rd1 Qc5+ 55. Qf2 Qa5 56. e6 fxe6 57. fxe6 Rf8 58. Rf4 Rxf4 59. Qxf4 Qc5+ 60. Qf2 Qh5 61. Rf1 Ne5 62. Qf8+ Kh7 63. Qf5+ 1-0

[Event "Florianopolis Regional STD op"]
[Site "Florianopolis"]
[Date "2018.10.14"]
[Round "5"]
[White "Tomiello, Lucas Costamilan"]
[Black "Lebredo Zaragoitia, Gerardo"]
[Result "1-0"]
[WhiteElo "1830"]
[BlackElo "2152"]
[PlyCount "98"]
[EventDate "2018.10.12"]
[EventType "swiss"]
[EventRounds "6"]
[EventCountry "BRA"]
[SourceTitle "CBM 186 Extra"]
[Source "ChessBase"]
[SourceDate "2018.08.24"]
[SourceVersion "1"]
[SourceVersionDate "2018.08.24"]
[SourceQuality "1"]

1. e4 c5 2. Nf3 e6 3. d4 cxd4 4. Nxd4 a6 5. Bd3 Nf6 6. 0-0 e5 7. Nb3 Nc6 8. Bg5 Be7 9. Nc3 0-0 10. Bxf6 Bxf6 11. Nd5 d6 12. c4 a5 13. Nc1 Bg5 14. Ne2 Bg4 15. f3 Be6 16. Kh1 Bxd5 17. cxd5 Nb4 18. Bb5 Qb6 19. Nc3 Be3 20. Qe2 Bd4 21. Rfc1 Rfc8 22. Na4 Qd8 23. Qd2 Rxc1+ 24. Rxc1 Nxa2 25. Rc4 h6 26. g3 Rc8 27. Qe2 Rxc4 28. Qxc4 Nb4 29. Kg2 Kh7 30. Qc1 Na2 31. Qc4 Nb4 32. h4 h5 33. Qc1 Na2 34. Qc4 Nb4 35. Kh3 Qf6 36. Kg2 Qd8 37. f4 Qf6 38. Qe2 exf4 39. Qxh5+ Kg8 40. Qg5 fxg3 41. Qxf6 Bxf6 42. Kxg3 Nc2 43. Bd7 Ne1 44. Nb6 Kf8 45. Nc4 Ke7 46. Bc8 Nd3 47. Bxb7 Nxb2 48. Nxa5 Nd3 49. h5 Ne5 1-0

[Event "Rio de Janeiro Duchamp op"]
[Site "Rio de Janeiro"]
[Date "2017.11.17"]
[Round "8"]
[White "Bueno, Alfeu Varela Jr"]
[Black "Lebredo Zaragoitia, Gerardo"]
[Result "1/2-1/2"]
[WhiteElo "2186"]
[BlackElo "2164"]
[PlyCount "72"]
[EventDate "2017.11.11"]
[EventType "swiss"]
[EventRounds "9"]
[EventCountry "BRA"]
[SourceTitle "CBM 181 Extra"]
[Source "ChessBase"]
[SourceDate "2017.12.12"]
[SourceVersion "1"]
[SourceVersionDate "2017.12.12"]
[SourceQuality "1"]

1. e4 c5 2. Nc3 a6 3. g3 b5 4. Bg2 Bb7 5. d3 Nf6 6. f4 e6 7. Qe2 Nc6 8. e5 Nd4 9. Qd2 Bxg2 10. Qxg2 Ng4 11. h3 Nh6 12. Ne4 Rc8 13. c3 d5 14. exd6 Ndf5 15. Nf3 Nxd6 16. g4 c4 17. Nxd6+ Bxd6 18. d4 Qc7 19. 0-0 Bxf4 20. Bxf4 Qxf4 21. Rae1 0-0 22. Re5 f5 23. g5 Nf7 24. Rxe6 Rfe8 25. Rfe1 Nd6 26. g6 hxg6 27. Rxe8+ Rxe8 28. Ne5 Ne4 29. Nxg6 Qd6 30. Ne5 Qb6 31. Kh1 Qf6 32. Rf1 Qh4 33. Rg1 Qh6 34. Rf1 Qh4 35. Rg1 Qh6 36. Rf1 Qh4 1/2-1/2

[Event "Rio de Janeiro Duchamp op"]
[Site "Rio de Janeiro"]
[Date "2017.11.16"]
[Round "7"]
[White "Lebredo Zaragoitia, Gerardo"]
[Black "Carvalho, Celestino Jr"]
[Result "1-0"]
[WhiteElo "2164"]
[BlackElo "1993"]
[PlyCount "79"]
[EventDate "2017.11.11"]
[EventType "swiss"]
[EventRounds "9"]
[EventCountry "BRA"]
[SourceTitle "CBM 181 Extra"]
[Source "ChessBase"]
[SourceDate "2017.12.12"]
[SourceVersion "1"]
[SourceVersionDate "2017.12.12"]
[SourceQuality "1"]

1. d4 Nf6 2. c4 d6 3. Nc3 g6 4. Nf3 Bg7 5. Bg5 h6 6. Bh4 g5 7. Bg3 Bf5 8. e3 c6 9. Bd3 Bxd3 10. Qxd3 Nh5 11. h4 Nxg3 12. fxg3 g4 13. Nd2 Nd7 14. 0-0 Nf6 15. Nde4 Qd7 16. Nxf6+ Bxf6 17. Rf4 0-0-0 18. Ne4 Qe6 19. Raf1 Rhe8 20. d5 Qe5 21. R1f2 Bh8 22. Rf5 Qg7 23. Rxf7 Qg6 24. dxc6 bxc6 25. c5 d5 26. Qa6+ Kb8 27. Nd6 Rxd6 28. cxd6 Qxd6 29. Rf8 Qd7 30. R2f4 c5 31. Qxh6 Bf6 32. Rxe8+ Qxe8 33. Rxg4 Kb7 34. b3 Qb5 35. Qf4 Qd7 36. Rg8 d4 37. Qb8+ Ka6 38. Qc8+ Qxc8 39. Rxc8 dxe3 40. Kf1 1-0

[Event "Rio de Janeiro Duchamp op"]
[Site "Rio de Janeiro"]
[Date "2017.11.13"]
[Round "4"]
[White "Larrea, Manuel"]
[Black "Lebredo Zaragoitia, Gerardo"]
[Result "1-0"]
[WhiteElo "2290"]
[BlackElo "2164"]
[PlyCount "65"]
[EventDate "2017.11.11"]
[EventType "swiss"]
[EventRounds "9"]
[EventCountry "BRA"]
[SourceTitle "CBM 181 Extra"]
[Source "ChessBase"]
[SourceDate "2017.12.12"]
[SourceVersion "1"]
[SourceVersionDate "2017.12.12"]
[SourceQuality "1"]

1. e4 e6 2. d4 d5 3. Nc3 Nc6 4. Nf3 Nf6 5. Bg5 Be7 6. e5 Ne4 7. Bxe7 Qxe7 8. Bd3 Nxc3 9. bxc3 Na5 10. Qc1 Bd7 11. 0-0 c5 12. dxc5 Rc8 13. Rb1 Rxc5 14. Rb4 Rxc3 15. Rg4 g6 16. Qh6 Qf8 17. Qf4 Qe7 18. h4 Ra3 19. Qh6 Qf8 20. Qd2 b6 21. Ng5 Ra4 22. Rxa4 Bxa4 23. Qf4 Bc6 24. Qf6 Rg8 25. Nxh7 Qg7 26. Qxg7 Rxg7 27. Nf6+ Ke7 28. g4 Nb7 29. Kh2 d4 30. f3 Nc5 31. h5 gxh5 32. gxh5 Nd7 33. h6 1-0

[Event "Goiania Clube de Goias U2200 2nd"]
[Site "Goiania"]
[Date "2016.07.30"]
[Round "2.1"]
[White "Rosa, Paulo Estevao"]
[Black "Lebredo Zaragoitia, Gerardo"]
[Result "0-1"]
[WhiteElo "1845"]
[BlackElo "2162"]
[PlyCount "136"]
[EventDate "2016.07.30"]
[EventType "swiss"]
[EventRounds "5"]
[EventCountry "BRA"]
[SourceTitle "EXT 2022"]
[Source "ChessBase"]
[SourceDate "2021.10.06"]
[SourceVersion "1"]
[SourceVersionDate "2021.10.06"]
[SourceQuality "1"]

1. e3 e5 2. c4 Nf6 3. b3 d5 4. cxd5 Nxd5 5. Bb2 Bd6 6. Nf3 Qe7 7. Nc3 Nxc3 8. Bxc3 0-0 9. Be2 Nc6 10. 0-0 Bf5 11. d3 Rad8 12. e4 Bg4 13. Ne1 Bxe2 14. Qxe2 Bb4 15. Bb2 Ba3 16. Bc3 Qc5 17. Qc2 Rd7 18. Rd1 Rfd8 19. Ba1 Qb5 20. f4 Bc5+ 21. Kh1 exf4 22. a4 Qb6 23. Rxf4 Bd4 24. Bc3 Ne5 25. Rf5 Ng4 26. Bxd4 Qxd4 27. Qe2 Nf6 28. e5 Qg4 29. Rf3 Nd5 30. h3 Qe6 31. d4 f6 32. Qc4 fxe5 33. dxe5 c6 34. Nd3 Nc7 35. Qb4 Na6 36. Qa3 c5 37. Qb2 Nb4 38. Qc3 b6 39. Kh2 Rd4 40. Nxc5 Qxe5+ 41. Rg3 bxc5 42. Re1 Qd6 43. Qf3 Rd3 44. Re3 Rxe3 45. Qxe3 Nd5 46. Qg5 Qe7 47. Qc1 Nf6 48. Qc4+ Kh8 49. Qh4 Rd4 50. Qg5 h6 51. Qf5 Ne4 52. Rf3 Qd6+ 53. Kg1 Rd1+ 54. Rf1 Rxf1+ 55. Qxf1 Qd4+ 56. Kh2 Qe5+ 57. Kg1 Nd2 58. Qd1 Qe3+ 59. Kh2 Nxb3 60. Qd7 Qf4+ 61. Kg1 c4 62. Qxa7 c3 63. Qa8+ Kh7 64. Qc8 Nd4 65. Qa6 c2 66. Qd3+ Kh8 67. g3 c1Q+ 68. Kg2 Qfd2+ 0-1

[Event "Goiania Goias Cup"]
[Site "Goiania"]
[Date "2015.09.27"]
[Round "5"]
[White "Ferreira, Henrique Camara"]
[Black "Lebredo Zaragoitia, Gerardo"]
[Result "1-0"]
[WhiteElo "2200"]
[BlackElo "2183"]
[PlyCount "61"]
[EventDate "2015.09.25"]
[EventType "swiss"]
[EventRounds "6"]
[EventCountry "BRA"]
[SourceTitle "EXT 2016"]
[Source "ChessBase"]
[SourceDate "2015.10.08"]
[SourceVersion "1"]
[SourceVersionDate "2015.10.08"]
[SourceQuality "1"]

1. d4 e6 2. Nf3 f5 3. c4 Nf6 4. Nc3 Be7 5. e3 0-0 6. Bd3 d5 7. 0-0 c6 8. Ne5 b6 9. b3 Bb7 10. a4 Nbd7 11. Ne2 Bd6 12. f4 a5 13. h3 c5 14. Bb2 dxc4 15. bxc4 Ne4 16. Qc2 Rc8 17. Rfd1 cxd4 18. exd4 Bb4 19. Ba3 Nxe5 20. fxe5 Bxa3 21. Rxa3 Qg5 22. Rf1 Nc5 23. Nf4 Nxd3 24. Qxd3 Be4 25. Qe2 Rc6 26. Kh2 Rfc8 27. Rg3 Qh6 28. d5 Rxc4 29. Nxe6 Rc2 30. Qb5 g6 31. d6 1-0

[Event "Goiania Goias Cup"]
[Site "Goiania"]
[Date "2015.09.27"]
[Round "6"]
[White "Lebredo Zaragoitia, Gerardo"]
[Black "Fontenelle, Reinaldo Resende"]
[Result "1/2-1/2"]
[WhiteElo "2183"]
[BlackElo "1852"]
[PlyCount "71"]
[EventDate "2015.09.25"]
[EventType "swiss"]
[EventRounds "6"]
[EventCountry "BRA"]
[SourceTitle "EXT 2016"]
[Source "ChessBase"]
[SourceDate "2015.10.08"]
[SourceVersion "1"]
[SourceVersionDate "2015.10.08"]
[SourceQuality "1"]

1. d4 Nf6 2. c4 g6 3. Nc3 Bg7 4. Nf3 0-0 5. Bg5 c5 6. d5 h6 7. Bh4 d6 8. e3 g5 9. Bg3 Nh5 10. Qc2 Nd7 11. Bd3 a6 12. a4 Qa5 13. Ra3 Ndf6 14. Nd2 Qc7 15. 0-0 e6 16. a5 b6 17. axb6 Qxb6 18. Rfa1 Nxg3 19. hxg3 Ng4 20. Be2 Ne5 21. f4 Nd7 22. dxe6 fxe6 23. Bf3 Rb8 24. Rb3 Qc7 25. Rxb8 Nxb8 26. Rd1 gxf4 27. gxf4 Nc6 28. Nde4 Rd8 29. Ng3 Nb4 30. Qe4 Qf7 31. Bh5 Qd7 32. Qg6 d5 33. f5 Qe7 34. Bf3 d4 35. exd4 cxd4 36. Nce4 1/2-1/2

[Event "Goiania Goias Cup"]
[Site "Goiania"]
[Date "2015.09.26"]
[Round "4"]
[White "Lebredo Zaragoitia, Gerardo"]
[Black "Matsuura, Everaldo"]
[Result "0-1"]
[WhiteElo "2183"]
[BlackElo "2488"]
[PlyCount "42"]
[EventDate "2015.09.25"]
[EventType "swiss"]
[EventRounds "6"]
[EventCountry "BRA"]
[SourceTitle "EXT 2016"]
[Source "ChessBase"]
[SourceDate "2015.10.08"]
[SourceVersion "1"]
[SourceVersionDate "2015.10.08"]
[SourceQuality "1"]

1. d4 d5 2. c4 e6 3. Nc3 c6 4. e3 Nf6 5. Nf3 Nbd7 6. Qc2 Bd6 7. Bd3 dxc4 8. Bxc4 0-0 9. 0-0 b5 10. Be2 Bb7 11. Bd2 Rc8 12. a4 b4 13. Ne4 Nxe4 14. Qxe4 Nf6 15. Qh4 c5 16. dxc5 Rxc5 17. Nd4 g5 18. Qh6 g4 19. Nxe6 fxe6 20. Bxg4 Nxg4 21. Qxe6+ Rf7 0-1

[Event "Sao Bento do Sul op 5th"]
[Site "Sao Bento do Sul"]
[Date "2015.09.06"]
[Round "6"]
[White "Lebredo Zaragoitia, Gerardo"]
[Black "Filgueiras, Nathan Felipe"]
[Result "1-0"]
[WhiteElo "2183"]
[BlackElo "1745"]
[PlyCount "41"]
[EventDate "2015.09.04"]
[EventType "swiss"]
[EventRounds "6"]
[EventCountry "BRA"]
[SourceTitle "EXT 2016"]
[Source "ChessBase"]
[SourceDate "2015.10.08"]
[SourceVersion "1"]
[SourceVersionDate "2015.10.08"]
[SourceQuality "1"]

1. d4 Nf6 2. c4 c5 3. d5 b5 4. cxb5 a6 5. b6 Qxb6 6. Nc3 d6 7. e4 g6 8. Nf3 Bg7 9. Nd2 0-0 10. Nc4 Qc7 11. Be2 Nbd7 12. a4 Nb6 13. Ne3 Bb7 14. a5 Nc8 15. 0-0 e6 16. dxe6 fxe6 17. Bc4 Re8 18. Re1 Na7 19. Ng4 Rad8 20. Bg5 Qf7 21. Bxf6 1-0

[Event "Sao Bento do Sul op 5th"]
[Site "Sao Bento do Sul"]
[Date "2015.09.04"]
[Round "1"]
[White "De Oliveira, Guilherme Alfredo B"]
[Black "Lebredo Zaragoitia, Gerardo"]
[Result "1/2-1/2"]
[WhiteElo "1607"]
[BlackElo "2183"]
[PlyCount "67"]
[EventDate "2015.09.04"]
[EventType "swiss"]
[EventRounds "6"]
[EventCountry "BRA"]
[SourceTitle "EXT 2016"]
[Source "ChessBase"]
[SourceDate "2015.10.08"]
[SourceVersion "1"]
[SourceVersionDate "2015.10.08"]
[SourceQuality "1"]

1. d4 Nf6 2. Nf3 e6 3. Bf4 b6 4. e3 Bb7 5. Bd3 c5 6. c3 Nc6 7. 0-0 Be7 8. h3 0-0 9. Nbd2 d6 10. Ne4 e5 11. dxe5 Nxe5 12. Nxf6+ Bxf6 13. Be2 Qe7 14. Nh2 Rad8 15. Ng4 Nxg4 16. Bxg4 Be4 17. Bf3 d5 18. Re1 Qb7 19. Rc1 Rfe8 20. Qe2 c4 21. Bxe4 Rxe4 22. Qf3 b5 23. a3 a5 24. Qg3 Rde8 25. Red1 b4 26. axb4 axb4 27. Bd6 bxc3 28. bxc3 h6 29. Bc5 Be5 30. Qf3 Qc6 31. Bb4 Bf6 32. Rd2 Rd8 33. Rcd1 Re5 34. Qf4 1/2-1/2

[Event "Paramaribo Srefidensi 2nd"]
[Site "Paramaribo"]
[Date "2014.11.20"]
[Round "1"]
[White "Lebredo Zaragoitia, Gerardo"]
[Black "Greenfeld, Alon"]
[Result "0-1"]
[WhiteElo "2220"]
[BlackElo "2536"]
[PlyCount "79"]
[EventDate "2014.11.20"]
[EventType "swiss"]
[EventRounds "9"]
[EventCountry "SUR"]
[SourceTitle "CBM 163 Extra"]
[Source "ChessBase"]
[SourceDate "2014.12.23"]
[SourceVersion "1"]
[SourceVersionDate "2014.12.23"]
[SourceQuality "1"]

1. Nf3 c5 2. c4 g6 3. Nc3 Bg7 4. b3 e5 5. Bb2 Nc6 6. e3 Nh6 7. d3 0-0 8. Be2 d6 9. Nd5 Be6 10. h4 f6 11. e4 Qd7 12. h5 g5 13. Qd2 b5 14. cxb5 Bxd5 15. exd5 Ne7 16. Qc2 Kh8 17. Qc4 Rfb8 18. Nd2 Rxb5 19. Bc3 Rab8 20. Ne4 Nc8 21. Bd2 Nb6 22. Qc1 Nxd5 23. Nc3 Nxc3 24. Bxc3 Re8 25. 0-0 Rbb8 26. Bf3 Qf7 27. Bd2 Nf5 28. Qc4 Qe7 29. Rae1 Nd4 30. Bd5 Qd7 31. f3 Rf8 32. Bc3 f5 33. Bxd4 Rb4 34. Qa6 Rxd4 35. Bc4 Rh4 36. Rb1 f4 37. Bd5 e4 38. dxe4 Bd4+ 39. Rf2 g4 40. Ra1 0-1

[Event "Capablanca Memorial op 49th"]
[Site "Havana"]
[Date "2014.05.14"]
[Round "6"]
[White "Perera Alfonso, Rene Humberto"]
[Black "Lebredo Zaragoitia, Gerardo"]
[Result "0-1"]
[WhiteElo "2302"]
[BlackElo "2211"]
[PlyCount "62"]
[EventDate "2014.04.08"]
[EventType "swiss"]
[EventRounds "10"]
[EventCountry "CUB"]
[SourceTitle "CBM 160 Extra"]
[Source "ChessBase"]
[SourceDate "2014.07.01"]
[SourceVersion "1"]
[SourceVersionDate "2014.07.01"]
[SourceQuality "1"]

1. e4 c5 2. Nf3 e6 3. d4 cxd4 4. Nxd4 a6 5. Bd3 Nf6 6. 0-0 e5 7. Nb3 d6 8. c4 Be7 9. Nc3 0-0 10. Qe2 Nc6 11. Rd1 Nd4 12. Nxd4 exd4 13. Nb1 Ng4 14. Na3 Ne5 15. Nc2 Qb6 16. b4 Bf6 17. Bb2 Bg4 18. f3 Be6 19. Kh1 Nxd3 20. Qxd3 Rac8 21. Bxd4 Bxc4 22. Qd2 Bxd4 23. Nxd4 g6 24. f4 Rfe8 25. Re1 Bb5 26. f5 Rc4 27. Rad1 Ba4 28. f6 d5 29. exd5 Rxe1+ 30. Qxe1 Qxd4 31. Qg3 Qf4 0-1

[Event "Capablanca Memorial op 49th"]
[Site "Havana"]
[Date "2014.05.10"]
[Round "3"]
[White "Lebredo Zaragoitia, Gerardo"]
[Black "Martinez Ramirez, Lennis"]
[Result "0-1"]
[WhiteElo "2211"]
[BlackElo "2330"]
[PlyCount "48"]
[EventDate "2014.04.08"]
[EventType "swiss"]
[EventRounds "10"]
[EventCountry "CUB"]
[SourceTitle "CBM 160 Extra"]
[Source "ChessBase"]
[SourceDate "2014.07.01"]
[SourceVersion "1"]
[SourceVersionDate "2014.07.01"]
[SourceQuality "1"]

1. d4 Nf6 2. c4 e6 3. Nc3 Bb4 4. Nf3 0-0 5. g3 d5 6. cxd5 exd5 7. Bg2 c6 8. 0-0 Re8 9. Bf4 Bd6 10. Ne5 Nh5 11. Bc1 Nf6 12. e4 Be6 13. exd5 cxd5 14. Nxd5 Nxd5 15. Qb3 Nc6 16. Nxc6 bxc6 17. Be3 Rb8 18. Qc2 Rb6 19. a3 a5 20. Rfc1 Bd7 21. Bf1 h5 22. Re1 h4 23. Qd3 Qb8 24. Rab1 Rb3 0-1

[Event "Capablanca Memorial op 49th"]
[Site "Havana"]
[Date "2014.05.09"]
[Round "2"]
[White "Alarcon Casellas, Rolando"]
[Black "Lebredo Zaragoitia, Gerardo"]
[Result "1/2-1/2"]
[WhiteElo "2394"]
[BlackElo "2211"]
[PlyCount "48"]
[EventDate "2014.04.08"]
[EventType "swiss"]
[EventRounds "10"]
[EventCountry "CUB"]
[SourceTitle "CBM 160 Extra"]
[Source "ChessBase"]
[SourceDate "2014.07.01"]
[SourceVersion "1"]
[SourceVersionDate "2014.07.01"]
[SourceQuality "1"]

1. d4 e6 2. Nf3 f5 3. Bg5 Nf6 4. Nbd2 d5 5. e3 Be7 6. Bxf6 Bxf6 7. h3 c5 8. c3 Nc6 9. dxc5 0-0 10. Qc2 Qe7 11. Nb3 a5 12. a4 e5 13. Bb5 Be6 14. 0-0 g5 15. Nh2 Kh8 16. f4 gxf4 17. exf4 e4 18. Rad1 d4 19. Nxd4 Nxd4 20. cxd4 Rad8 21. d5 Bxd5 22. Rfe1 Qg7 23. Nf1 Bxb2 24. Ne3 Be6 1/2-1/2

[Event "Martinique op"]
[Site "Schoelcher"]
[Date "2014.04.12"]
[Round "3"]
[White "Talla, Vladimir"]
[Black "Lebredo Zaragoitia, Gerardo"]
[Result "1-0"]
[WhiteElo "2391"]
[BlackElo "2220"]
[PlyCount "113"]
[EventDate "2014.04.12"]
[EventType "swiss"]
[EventRounds "9"]
[EventCountry "FRA"]
[SourceTitle "EXT 2015"]
[Source "ChessBase"]
[SourceDate "2014.11.20"]
[SourceVersion "1"]
[SourceVersionDate "2014.11.20"]
[SourceQuality "1"]

1. d4 Nf6 2. c4 e6 3. Nc3 Bb4 4. e3 0-0 5. Nge2 d5 6. a3 Be7 7. cxd5 exd5 8. Nf4 Re8 9. Bd3 Bd6 10. 0-0 Bxf4 11. exf4 Nc6 12. Bc2 Ne7 13. f3 h5 14. Re1 Bf5 15. Bxf5 Nxf5 16. Re5 Qd7 17. Qd3 g6 18. Bd2 c6 19. Kh1 h4 20. Kg1 Nh5 21. Kf2 f6 22. Re2 Qc7 23. Rxe8+ Rxe8 24. Ne2 c5 25. Qb5 Re6 26. Qxc5 Qd7 27. Rc1 b6 28. Qc8+ Qxc8 29. Rxc8+ Kf7 30. Bb4 a5 31. Rc7+ Ke8 32. Bd2 Re7 33. Rc8+ Kf7 34. a4 Nd6 35. Rc6 Nc4 36. Bc1 Re6 37. Rc7+ Re7 38. Rxe7+ Kxe7 39. f5 gxf5 40. b3 Nd6 41. Ke3 Ke6 42. Ba3 Nf7 43. Bf8 Nd8 44. Bh6 Nc6 45. Nf4+ Nxf4 46. Bxf4 Kd7 47. h3 Nb4 48. Kd2 Nc6 49. Kd3 Nb4+ 50. Kc3 Nc6 51. g3 hxg3 52. Bxg3 Ne7 53. h4 Ng6 54. h5 Nf8 55. h6 Kc6 56. Kd3 b5 57. Kc3 1-0

[Event "Paramaribo Srefidensi 1st"]
[Site "Paramaribo"]
[Date "2013.11.21"]
[Round "3"]
[White "Lebredo Zaragoitia, Gerardo"]
[Black "Aguero Jimenez, Luis Lazaro"]
[Result "0-1"]
[WhiteElo "2218"]
[BlackElo "2422"]
[PlyCount "63"]
[EventDate "2013.11.20"]
[EventType "tourn"]
[EventRounds "9"]
[EventCountry "SUR"]
[EventCategory "1"]
[SourceTitle "CBM 157 Extra"]
[Source "ChessBase"]
[SourceDate "2013.12.19"]
[SourceVersion "1"]
[SourceVersionDate "2013.12.19"]
[SourceQuality "1"]

1. d4 Nf6 2. c4 g6 3. Nc3 d5 4. Nf3 Bg7 5. e3 0-0 6. cxd5 Nxd5 7. Bc4 Nxc3 8. bxc3 c5 9. 0-0 Qc7 10. Qe2 Nc6 11. Ba3 Na5 12. Bd3 b6 13. Rab1 Rd8 14. Rfd1 Bb7 15. Ba6 Be4 16. Bd3 Bxd3 17. Qxd3 Rac8 18. d5 e6 19. c4 exd5 20. cxd5 c4 21. Qc2 c3 22. e4 Nc4 23. Bc1 Re8 24. Rb3 Qe7 25. Rxc3 Bxc3 26. Qxc3 Nd6 27. Qb3 Qxe4 28. Ba3 Qe2 29. Rf1 Nb5 30. Bb2 Rc2 31. Be5 Rxa2 32. Qd1 0-1

[Event "Natal op"]
[Site "Natal"]
[Date "2013.09.08"]
[Round "6"]
[White "Chang, Suzana"]
[Black "Lebredo Zaragoitia, Gerardo"]
[Result "1/2-1/2"]
[WhiteElo "2021"]
[BlackElo "2212"]
[PlyCount "40"]
[EventDate "2013.09.06"]
[EventType "swiss"]
[EventRounds "6"]
[EventCountry "BRA"]
[SourceTitle "EXT 2016"]
[Source "ChessBase"]
[SourceDate "2015.10.08"]
[SourceVersion "1"]
[SourceVersionDate "2015.10.08"]
[SourceQuality "1"]

1. d4 Nf6 2. c4 e6 3. Nf3 Bb4+ 4. Nbd2 b6 5. a3 Bxd2+ 6. Qxd2 Bb7 7. e3 0-0 8. Be2 c5 9. dxc5 bxc5 10. b4 Nc6 11. 0-0 Ne4 12. Qb2 a5 13. b5 Ne7 14. Nd2 f5 15. f3 Ng5 16. Qe5 d6 17. Qc3 Ng6 18. f4 Ne4 19. Nxe4 Bxe4 20. Bf3 Qe7 1/2-1/2

[Event "Natal op"]
[Site "Natal"]
[Date "2013.09.06"]
[Round "2"]
[White "De Freitas, Julio Eimard"]
[Black "Lebredo Zaragoitia, Gerardo"]
[Result "0-1"]
[WhiteElo "1887"]
[BlackElo "2212"]
[PlyCount "68"]
[EventDate "2013.09.06"]
[EventType "swiss"]
[EventRounds "6"]
[EventCountry "BRA"]
[SourceTitle "EXT 2016"]
[Source "ChessBase"]
[SourceDate "2015.10.08"]
[SourceVersion "1"]
[SourceVersionDate "2015.10.08"]
[SourceQuality "1"]

1. d4 Nf6 2. c4 e6 3. Nf3 Bb4+ 4. Bd2 a5 5. Nc3 b6 6. g3 Ba6 7. b3 d5 8. e3 0-0 9. Be2 Nbd7 10. Qc2 c5 11. 0-0 cxd4 12. Nxd4 dxc4 13. bxc4 Rc8 14. Rfd1 Bxc4 15. Bxc4 Rxc4 16. Qb3 Rc8 17. a3 Bxc3 18. Bxc3 Qe7 19. Rac1 Ne4 20. Be1 Rxc1 21. Rxc1 Nec5 22. Qb5 e5 23. Nb3 Nxb3 24. Qxb3 e4 25. Rc7 Qd6 26. Rc1 Nc5 27. Qb1 Rd8 28. Bc3 Nd3 29. Rf1 Qc6 30. Qa1 f6 31. Rb1 Rc8 32. Qa2+ Kh8 33. Be1 h6 34. Qe2 Qa4 0-1

[Event "Natal Nordeste"]
[Site "Natal"]
[Date "2013.09.03"]
[Round "7"]
[White "Macedo, Maximo Iack Miranda"]
[Black "Lebredo Zaragoitia, Gerardo"]
[Result "1/2-1/2"]
[WhiteElo "2368"]
[BlackElo "2204"]
[PlyCount "40"]
[EventDate "2013.08.28"]
[EventType "tourn"]
[EventRounds "9"]
[EventCountry "BRA"]
[SourceTitle "CBM 156 Extra"]
[Source "ChessBase"]
[SourceDate "2013.10.22"]
[SourceVersion "1"]
[SourceVersionDate "2013.10.22"]
[SourceQuality "1"]

1. d4 Nf6 2. c4 e6 3. Nf3 Bb4+ 4. Nbd2 b6 5. a3 Bxd2+ 6. Qxd2 Bb7 7. e3 0-0 8. Be2 c5 9. dxc5 bxc5 10. b4 Nc6 11. b5 Na5 12. Qc2 Be4 13. Qc3 d5 14. Bb2 Nxc4 15. Bxc4 dxc4 16. Ne5 Bd3 17. Nxc4 Qd5 18. 0-0-0 Qxc4 19. Rxd3 Qxb5 20. e4 e5 1/2-1/2

[Event "Recife"]
[Site "Recife"]
[Date "2013.08.21"]
[Round "9"]
[White "Molina, Jorge"]
[Black "Lebredo Zaragoitia, Gerardo"]
[Result "1/2-1/2"]
[WhiteElo "2153"]
[BlackElo "2209"]
[PlyCount "20"]
[EventDate "2013.08.15"]
[EventType "tourn"]
[EventRounds "9"]
[EventCountry "BRA"]
[EventCategory "1"]
[SourceTitle "CBM 156 Extra"]
[Source "ChessBase"]
[SourceDate "2013.10.22"]
[SourceVersion "1"]
[SourceVersionDate "2013.10.22"]
[SourceQuality "1"]

1. d4 Nf6 2. Nf3 e6 3. Bg5 c5 4. c3 d5 5. Nbd2 Nbd7 6. e3 b6 7. Bd3 Be7 8. 0-0 Bb7 9. Ne5 Nxe5 10. dxe5 Nd7 1/2-1/2